<?xml version="1.0" encoding="UTF-8"?>
<collection xmlns="http://www.loc.gov/MARC21/slim">
 <record>
  <leader>01881nam a22004215a 4500</leader>
  <controlfield tag="001">CEM.cems015167</controlfield>
  <controlfield tag="005">20191205172417.0</controlfield>
  <controlfield tag="008">130507s2014##################000#0#####d</controlfield>
  <controlfield tag="003">CEMS</controlfield>
  <datafield tag="020" ind1=" " ind2=" ">
   <subfield code="a">9789871208548</subfield>
  </datafield>
  <datafield tag="082" ind1="0" ind2="4">
   <subfield code="a">823.8</subfield>
  </datafield>
  <datafield tag="100" ind1="1" ind2=" ">
   <subfield code="a">Stevenson, Robert Louis</subfield>
  </datafield>
  <datafield tag="245" ind1="1" ind2="0">
   <subfield code="a">El extraño caso del dr. jekyll y mr. hyde /</subfield>
   <subfield code="c">Rodert Louis Stevenson ; adaptado Por Carl Bowen ; ilustrado Por Daniel Pérez ; traducido Por María Carolina Berduque y Juan Cruz de Sabato</subfield>
  </datafield>
  <datafield tag="250" ind1=" " ind2=" ">
   <subfield code="a">1a. reimp.</subfield>
  </datafield>
  <datafield tag="260" ind1=" " ind2=" ">
   <subfield code="a">Buenos Aires :</subfield>
   <subfield code="b">Cypres,</subfield>
   <subfield code="c">2014</subfield>
  </datafield>
  <datafield tag="300" ind1=" " ind2=" ">
   <subfield code="a">72 p.</subfield>
  </datafield>
  <datafield tag="500" ind1=" " ind2=" ">
   <subfield code="a">Título original: The strange case of Dr. Jekyll and Mr. Hyde</subfield>
  </datafield>
  <datafield tag="653" ind1=" " ind2=" ">
   <subfield code="a">Literatura</subfield>
  </datafield>
  <datafield tag="653" ind1=" " ind2=" ">
   <subfield code="a">Literatura inglesa</subfield>
  </datafield>
  <datafield tag="653" ind1=" " ind2=" ">
   <subfield code="a">Literatura infantil</subfield>
  </datafield>
  <datafield tag="653" ind1=" " ind2=" ">
   <subfield code="a">Cuentos infantiles</subfield>
  </datafield>
  <datafield tag="653" ind1=" " ind2=" ">
   <subfield code="a">Colección ciencias de la educación</subfield>
  </datafield>
  <datafield tag="653" ind1=" " ind2=" ">
   <subfield code="a">Historieta</subfield>
  </datafield>
  <datafield tag="653" ind1=" " ind2=" ">
   <subfield code="a">Novela gráfica</subfield>
  </datafield>
  <datafield tag="700" ind1="1" ind2=" ">
   <subfield code="a">Bowen, Carl; adap.</subfield>
  </datafield>
  <datafield tag="700" ind1="1" ind2=" ">
   <subfield code="a">Pérez, Daniel; il.</subfield>
  </datafield>
  <datafield tag="700" ind1="1" ind2=" ">
   <subfield code="a">Berduque, María Carolina; trad.</subfield>
  </datafield>
  <datafield tag="700" ind1="1" ind2=" ">
   <subfield code="a">De Sabato, Juan Cruz; trad.</subfield>
  </datafield>
  <datafield tag="859" ind1=" " ind2=" ">
   <subfield code="a">CEMS</subfield>
   <subfield code="b">BIB. CEMS - Ccias. Educacion</subfield>
   <subfield code="h">823.8</subfield>
   <subfield code="i">St481</subfield>
   <subfield code="k">CE</subfield>
   <subfield code="p">28263.19</subfield>
   <subfield code="t">Ej.1</subfield>
  </datafield>
  <datafield tag="859" ind1=" " ind2=" ">
   <subfield code="a">CEMS</subfield>
   <subfield code="b">BIB. CEMS - Ccias. Educacion</subfield>
   <subfield code="h">823.8</subfield>
   <subfield code="i">St481</subfield>
   <subfield code="k">CE</subfield>
   <subfield code="p">28264.19</subfield>
   <subfield code="t">Ej.2</subfield>
  </datafield>
  <datafield tag="859" ind1=" " ind2=" ">
   <subfield code="a">CEMS</subfield>
   <subfield code="b">BIB. CEMS - Ccias. Educacion</subfield>
   <subfield code="h">823.8</subfield>
   <subfield code="i">St481</subfield>
   <subfield code="k">CE</subfield>
   <subfield code="p">28265.19</subfield>
   <subfield code="t">Ej.3</subfield>
  </datafield>
  <datafield tag="859" ind1=" " ind2=" ">
   <subfield code="a">CEMS</subfield>
   <subfield code="b">BIB. CEMS - Ccias. Educacion</subfield>
   <subfield code="h">823.8</subfield>
   <subfield code="i">St481</subfield>
   <subfield code="k">CE</subfield>
   <subfield code="p">28266.19</subfield>
   <subfield code="t">Ej.4</subfield>
  </datafield>
  <datafield tag="859" ind1=" " ind2=" ">
   <subfield code="a">CEMS</subfield>
   <subfield code="b">BIB. CEMS - Ccias. Educacion</subfield>
   <subfield code="h">823.8</subfield>
   <subfield code="i">St481</subfield>
   <subfield code="k">CE</subfield>
   <subfield code="p">28267.19</subfield>
   <subfield code="t">Ej.5</subfield>
  </datafield>
  <datafield tag="859" ind1=" " ind2=" ">
   <subfield code="a">CEMS</subfield>
   <subfield code="b">BIB. CEMS - Ccias. Educacion</subfield>
   <subfield code="h">823.8</subfield>
   <subfield code="i">St481</subfield>
   <subfield code="k">CE</subfield>
   <subfield code="p">28268.19</subfield>
   <subfield code="t">Ej.6</subfield>
  </datafield>
  <datafield tag="859" ind1=" " ind2=" ">
   <subfield code="a">CEMS</subfield>
   <subfield code="b">BIB. CEMS - Ccias. Educacion</subfield>
   <subfield code="h">823.8</subfield>
   <subfield code="i">St481</subfield>
   <subfield code="k">CE</subfield>
   <subfield code="p">28269.19</subfield>
   <subfield code="t">Ej.7</subfield>
  </datafield>
  <datafield tag="859" ind1=" " ind2=" ">
   <subfield code="a">CEMS</subfield>
   <subfield code="b">BIB. CEMS - Ccias. Educacion</subfield>
   <subfield code="h">823.8</subfield>
   <subfield code="i">St481</subfield>
   <subfield code="k">CE</subfield>
   <subfield code="p">28270.19</subfield>
   <subfield code="t">Ej.8</subfield>
  </datafield>
  <datafield tag="859" ind1=" " ind2=" ">
   <subfield code="a">CEMS</subfield>
   <subfield code="b">BIB. CEMS - Ccias. Educacion</subfield>
   <subfield code="h">823.8</subfield>
   <subfield code="i">St481</subfield>
   <subfield code="k">CE</subfield>
   <subfield code="p">28271.19</subfield>
   <subfield code="t">Ej.9</subfield>
  </datafield>
  <datafield tag="859" ind1=" " ind2=" ">
   <subfield code="a">CEMS</subfield>
   <subfield code="b">BIB. CEMS - Ccias. Educacion</subfield>
   <subfield code="h">823.8</subfield>
   <subfield code="i">St481</subfield>
   <subfield code="k">CE</subfield>
   <subfield code="p">28924.19</subfield>
   <subfield code="t">Ej.10</subfield>
  </datafield>
 </record>
</collection>
